Top 10 worst NBA teams (by 2016-2017 records so far) - Statistics

General Stats
  • This quiz has been taken 3,799 times
  • The average score is 7 of 11
Answer Stats
Rank Answer % Correct
26th Nets
84%
24th Suns
74%
29th 76ers
71%
20th Kings
68%
20th Magic
66%
26th Heat
62%
23rd Pelicans
59%
26th Timberwolves
58%
20th Nuggets
56%
30th Mavericks
52%
25th Wizards
48%
No matching quizzes found
Score Distribution
Percent of People with Each Score
Percentile by Number Answered
Your Score History
You have not taken this quiz